00558nam a22002057a 450000500170000001000130001702000110003003500130004103700160005404000120007008200150008210000170009724500790011426000460019327000360023930000210027550000200029665000160031665000200033220170124105941.0 aB-209640 c395.00 aB-209640 bCen Lib/Ret aDPLbEN a230.12IYE aIyengar, Trr aHindu mythology :cby Trr. Iyengarbvolume I & II combined in one volume / aNew DelhibIntellectual book cornerc2004 bNew DelhiaYamuna vihare110053 a300p.c21cm(pbk) aIncludes index  aHinduismy  aHindu mythology